1722 1849 1555 1140 1645 1373 1349 1145 1012 1142 1635 1433 1795 1666 1621 1891 1342 1319 1648 1438 1723 1692 1042 1634 1358 1700 1095 1577 1633 1163 1006 1596 1792 1246 1375 1733 1496 1169 1261 1593 1580 1613 1426 1566 1432 1312 1783 1787 1825 1014 1718 1296 1170 1752 1268 1051 1637 1524 1855 1121 1819 1725 1343 1176 1545 1367 1937 1477 1128 1540 1574 1245 1256 1273 1859 1397 1830 1279 1634 1340 1645 1441 1371 1690 1147 1897 1822 1932 1912 1188 1601 1449 1708 1603 1183 1520 1651 1411 1879 BCNSPRNW ULIB Ver.6.0+V

เปลี่ยนเป็นภาษาไทย

Change to English
 แสดงรายละเอียดบรรณานุกรม
  กลับหน้าหลัก

Brief Record : Get Marc (ISO 2709) : E-mail record : QR code < ปิดหน้าต่าง
LEADER : 00000nam 2200000uu 4500
001    13399126219
003     ULIB
008    180731s2551||||th 000 0 tha d
020    ^a9789742127695
050    ^aHF5415.5^bจ423จ
100 0  ^aจิตตินันท์ นันทไพบูลย์
245 10 ^aจิตวิทยาการบริการ =^bService psychology /^cจิตตินันท์นันทไพบูลย์
260    ^aกรุงเทพฯ :^bซีเอ็ดยูเคชั่น,^c2551
300    ^a358 หน้า
650  7 ^aบริการลูกค้า
650  7 ^aความสัมพันธ์กับลูกค้า
650  7 ^aมารยาทและการสมาคม
945    ^p180^l0^i004293
999    ^aประนอม เกษจรัล
รายการนี้ยังไม่มีแท็ก
คุณยังไม่ได้ล็อกอิน คุณสามารถมีกิจกรรมร่วมกับเว็บไซต์ได้ แต่ต้องล็อกอินก่อน ::
  ล็อกอิน

รายการสื่อสารสนเทศ

ลำดับที่ ประเภท เลขเรียก/บาร์โค้ด สถานที่ สถานะ
1. การศึกษาทั่วไป
การศึกษาทั่วไป
HF5415.5 จ423จ ฉ.1 
  Barcode: 004293
ห้องสมุดวิทยาเขตสวรรค์ประชารักษ์
►หนังสือทั่วไป
บนชั้น

รายการใกล้เคียง
    หัวเรื่อง [บริการลูกค้า]
    หัวเรื่อง [มารยาทและการสมาคม]

BibComment


ยังไม่เคยถูกคอมเมนท์

คอมเมนท์ทรัพยากรรายการนี้
  คอมเมนท์: จิตวิทยาการบริกา..


 Copyright 2026. Bcnsprnw @Library